|
|
|
|
| LEADER |
01164nam a2200313 u 4500 |
| 001 |
10042417 |
| 003 |
upatras |
| 005 |
20210117200011.0 |
| 008 |
020117s1986 cn eng |
| 020 |
|
|
|a 0920887023
|
| 040 |
|
|
|a GR-PaULI
|c GR-PaULI
|
| 041 |
0 |
|
|a eng
|
| 082 |
0 |
4 |
|a WE 172
|
| 100 |
1 |
|
|a Gerhardt, J. J.
|9 31845
|
| 245 |
1 |
0 |
|a Immediate and early prosthetic management
|b rehabilitation aspects
|c J. J. Gerhardt, P. S. King, J. H. Zettl; foreword by E. M. Burgess
|
| 250 |
|
|
|a 2nd edition
|
| 260 |
|
|
|a Toronto
|b Hans Huber
|c 1986
|
| 300 |
|
|
|a 305 p.
|b fig.
|c 27 cm.
|
| 504 |
|
|
|a Includes bibliography and index
|
| 650 |
|
4 |
|a Ορθοπεδική
|9 2770
|
| 650 |
|
4 |
|a Άκρα (Ανατομία)
|9 31846
|
| 650 |
|
4 |
|a Τεχνητά μέλη
|9 31847
|
| 700 |
1 |
|
|a Burgess, E. M.
|9 31848
|
| 700 |
1 |
|
|a Zettl, J. H.
|9 31849
|
| 852 |
|
|
|a GR-PaULI
|b ΠΑΤΡΑ
|b ΙΑΤΡΙΚΗ
|k ΑΣΧΞ-10
|h WE 172 GER
|m 1022
|p 025000008210
|t 1
|
| 942 |
|
|
|2 ddc
|c BK15
|
| 952 |
|
|
|0 0
|1 0
|4 0
|6 WE_172_000000000000000_GER
|7 0
|9 30376
|a MEDI
|b MEDI
|d 2016-04-24
|i 1022
|l 0
|o WE 172 GER
|p 025000008210
|r 2016-04-24 00:00:00
|t 1
|w 2016-04-24
|y BK15
|
| 998 |
|
|
|c MANIAKH
|d 2002-01
|
| 999 |
|
|
|c 19386
|d 19386
|